000 01160nam a22003017a 4500
005 20160822125655.0
008 160822b2013 ck abdo|r|||| 00| 0 spa d
020 _a9789585754416
040 _aCO-BoIAVH
_cCO-BoIAVH
041 0 _aspa
044 _ack
082 0 4 _a333.715072
_bC39a
110 2 _aComisión Económica para América Latina y el Caribe - Cepal -
245 1 0 _aAmazonia posible y sostenible /
_cCEPAL y Patrimonio Natural
260 _aBogotá, Colombia :
_bCepal :
_bPatrimonio Natural,
_c2013.
300 _a256 páginas :
_bilustraciones, mapas, tablas, gráficas y fotografías ;
_c27 x 20 cm.
500 _aIncluye índices.
504 _aIncluye referencias bibliográficas.
650 2 6 _aDesarrollo sostenible
_zAmazonia
650 2 6 _aOrdenación territorial
_zAmazonia
650 2 6 _aProtección ambiental
_zAmazonia
650 2 6 _aPolítica ambiental
_zAmazonia
650 2 6 _aDesarrollo económico
_zAmazonia
650 2 6 _aComunidades locales
_zAmazonia
700 1 _aGiraldo, Marcela
_eeditora
710 2 _aFondo Patrimonio Natural
942 _2ddc
_cLIBRO
999 _c18972
_d18972